| 000 | 00000nam##2200000za#4500 |
| 001 | 9.700291 |
| 003 | CaOODSP |
| 005 | 20210625000753 |
| 007 | cr ||||||||||| |
| 008 | 150407|2009||||xxc|||||o f|0| 0 eng|d |
| 040 | |aCaOODSP|beng |
| 043 | |an-cn--- |
| 086 | 1 |aNH15-353/2009E-PDF |
| 110 | 2 |aCanada Mortgage and Housing Corporation. |
| 245 | 10|aPocket planner : |h[electronic resource]|bhomes that adapt |
| 246 | 3 |aFlexhousing |
| 250 | |aRevised |
| 260 | |aOttawa - Ontario : |bCanada Mortgage and Housing Corporation |c2009. |
| 300 | |a28p. |
| 590 | |a15-02-Supp|b2015-02-16 |
| 690 | 07|aDesign|2gcpds |
| 690 | 07|aHousing|2gcpds |
| 775 | 08|tGuide de poche : |w(CaOODSP)9.644188 |
| 856 | 40|ahttp://publications.gc.ca|qPDF|s299 KB|uhttps://publications.gc.ca/collections/collection_2015/schl-cmhc/NH15-353-2009-eng.pdf |